000
00278nam a2200109 4500
008
160702b xxu||||| |||| 00| 0 eng d
100
_9
1838
_a
Kleiser, G
245
_a
Short Story Writing
260
_a
New Delhi
_b
A.P.H.
_c
2004
300
_a
Short Story Writing
942
_2
ddc
_c
BK
999
_c
1542
_d
1542